| 000 | 00748 a2200193 4500 | ||
|---|---|---|---|
| 001 | 30881 | ||
| 005 | 20260407155617.0 | ||
| 008 | 260407a1968 arg spa d | ||
| 003 | AR-UNSa-BCEJYS | ||
| 040 |
_aAR-UNSa-BCEJYS _bspa _cAR-UNSa-BCEJYS |
||
| 080 |
_a657 _xContabilidad |
||
| 245 | 1 | 0 | _aSistemas de contabilidad social |
| 264 | 1 |
_aMadrid : _bEdiciones Rialp _c1968 |
|
| 300 |
_a259 p. _c23 cm. |
||
| 505 | _a1. Sistemas de cuentas nacionales. Conceptos y definiciones - 2. Comparación de los distintos sistemas de cuentas nacionales - 3. Sistema input-output - 4. Sistema de flujos de fondos - 5. Integración de los sistemas de contabilidad social | ||
| 942 | _cBK | ||
| 590 | _aniveau_biblio:m niveau_hierar:0 | ||
| 100 | 1 | _aYanovsky, M. | |
| 999 |
_c2134 _d2134 |
||